000 00767cab a22001935a 4500
001 L146360
008 090112e20090109xxka f 000 0 eng d
035 _a(Sirsi) u146360
041 0 _aeng
100 1 _aMcCallister, Sean
245 0 0 _aRegional report
_bChannel Islands
260 _c2009
490 0 _aProperty Week
_v75(1/2) 9 January 2009, 51-57(6)
520 _aReports that the Channel Islands are facing difficult times due to their exposure to finance and tougher regulation. Reveals that UK tax rises for the wealthy might push up house prices even further. Discusses legal and political rows around a St Helier scheme.
590 _aKA
651 4 _aCHANNEL ISLANDS
690 _aPROPERTY-COMMERCIAL PROPERTY-COMMERCIAL PROPERTY MARKET
942 _n0
999 _c81128
_d81128